LEADER 00863nam a2200205 i 4500 001 000000009949 003 CaOOAMICUS 005 20180830125440.0 008 180830s2002 it u000 u ita u 040 $aSeMil$bita 100 1 $aMariani, Giuseppe .$0(OLS)http://semarc/name/89731 245 10$aOpere sacre :$bLe Messe /$cGiuseppe Mariani (1898-1982) 260 $aBergamo :$bEd. Carrara,$c2002. 300 $a3 v. ;$c31 cm. 650 4$aMusica sacra.$0(OLS)http://semarc/subject/1556 774 0 $aMariani, Giuseppe $t1.$w()118076 774 0 $aMariani, Giuseppe $t2.$w()118077 774 0 $aMariani, Giuseppe $t3.$w()118078 996 $6245$aOpere sacre :$bLe Messe$9(OLS)http://semarc/title/13159 996 $6260$aBergamo :$bEd. Carrara$9(OLS)http://semarc/publisher/30551 LEADER 01302nam a2200265 i 4500 001 000000085613 003 CaOOAMICUS 005 20180723000000.0 008 180723s2016 it u000 u ita u 013 $a57853 020 $a978-88-6879-338-8 040 $aSeMil$bita 100 1 $aSabella, Giuseppe.$0(OLS)http://semarc/name/92250 245 13$aIl vangelo del lavoro :$betica e persona nel magistero sociale di San Giovanni Paolo 2. /$cGiuseppe Sabella ; introduzione di George Pell. 260 $aSiena :$bCantagalli,$c2016. 300 $a61 p. ;$c19 cm. 650 4$aGiovanni Paolo II - Encicliche . Laborem exercens.$0(OLS)http://semarc/subject/17596 650 4$aGiovanni Paolo II - Encicliche sociali - Studi.$0(OLS)http://semarc/subject/43663 700 1 $aPell, George.$0(OLS)http://semarc/name/92251 850 $aSeMil 852 $aSeMil$W1$xVenegono$y1$m2A I 391$j210105$B49526$CSeMilBibl$Z2$F53212 $81 961 $aOmaggio: Giacomoni Silvia 996 $6020$a978-88-6879-338-8$9(OLS)http://semarc/number/271734 996 $6245$aIl vangelo del lavoro :$betica e persona nel magistero sociale di San Giovanni Paolo 2.$9(OLS)http://semarc/title/405767 996 $6260$aSiena :$bCantagalli$9(OLS)http://semarc/publisher/29767